| 000 | 00903cam a2200229 4500 | ||
|---|---|---|---|
| 001 | WB3546-26 | ||
| 008 | 000000n1999 000 0 eng u | ||
| 035 | _a(Sirsi) u102866 | ||
| 245 | _aClimate change warning | ||
| 260 | _c1999 | ||
| 490 |
_aFinancial Times _v25 November 1999, 5(1) |
||
| 520 | _aWS Atkins, the Meteorological Office and the Agricultural Development and Advisory Service have published "Rising to the challenge: impacts of climate change in the South East" which examines the effect of climate change in the UK over the next 50 years. Contact 01344 856130 (Sue Postle-Hammond) | ||
| 590 | _aWB | ||
| 650 | _aCLIMATE CHANGE | ||
| 650 | _aWS ATKINS | ||
| 650 | _aMETEOROLOGICAL OFFICE | ||
| 650 | _aAGRICULTURAL DEVELOPMENT AND ADVISORY SERVICE | ||
| 650 | _aRISING SEA LEVELS | ||
| 650 | _aUNITED KINGDOM | ||
| 690 | _aENVIRONMENTAL AND LAND CONSULTANCY | ||
| 942 | _n0 | ||
| 999 |
_c61828 _d61828 |
||